12389pam a2202005 a 4500020001700000082003600017100002700053245008400080250001200164260003700176300003400213526003700247526003700284526003700321526003700358526003700395526003700432526003700469526003700506526003700543526003700580526003700617526003700654526003700691526003700728526003700765526003700802526003700839526003700876526003700913526003700950526003700987526003701024526003701061526003701098526003701135526003701172526003701209526003701246526003701283526003701320526003701357526003701394526003701431526003701468526003701505526003701542526003701579526003701616526003701653526003701690526003701727526003701764526003701801526003701838526003701875526003701912526003701949526003701986526003702023526003702060526003702097526003702134526003702171526003702208526003702245526003702282526003702319526003702356526003702393526003702430526003702467526003702504526003702541526003702578526003702615526003702652526003702689526003702726526003702763526003702800526003702837526003702874526003702911526003702948526003702985526003703022650001403059650001303073650001503086700003603101942001203137999001903149952009303168952009303261952010503354952009303459952009303552952009303645952010503738952009303843952009303936952009304029952010504122952009304227952009304320952010504413952009304518952010504611952009304716952009304809952009304902952009304995952009305088952009305181952009305274952009305367952009305460952009305553952009305646952009305739952010505832952009305937952009306030952009306123952009306216952009306309952010506402952009306507952009306600952010506693952010506798952009306903952009306996952009307089952009307182952009307275952009307368952009307461952009307554952009307647952009307740952009307833952009307926952009308019952009308112952009308205952009308298952009308391952009308484952009308577952009308670952009308763952009308856952009308949952009309042952009309135952009309228952009309321952009309414952009309507952009309600952009309693952009309786952009309879952010509972952010810077952010510185952009310290 a007049763X :00a624bPEUcN-01,P-151,L-26,P-64.1 aPeurifoy, R. L.91843710aConstruction planning, equipment, and methods /cR.L. Peurifoy, W.B. Ledbetter. a4th ed. aNew York :bMcGraw-Hill,cc1985. axvi, 683 p. :bill. ;c25 cm. a0b0c0d624_000000000000000_PEU a0b0c0d624_000000000000000_PEU a0b0c0d624_000000000000000_PEU a0b0c0d624_000000000000000_PEU a0b0c0d624_000000000000000_PEU a0b0c0d624_000000000000000_PEU a0b0c0d624_000000000000000_PEU a0b0c0d624_000000000000000_PEU a0b0c0d624_000000000000000_PEU a0b0c0d624_000000000000000_PEU a0b0c0d624_000000000000000_PEU a0b0c0d624_000000000000000_PEU a0b0c0d624_000000000000000_PEU a0b0c0d624_000000000000000_PEU a0b0c0d624_000000000000000_PEU a0b0c0d624_000000000000000_PEU a0b0c0d624_000000000000000_PEU a0b0c0d624_000000000000000_PEU a0b0c0d624_000000000000000_PEU a0b0c0d624_000000000000000_PEU a0b0c0d624_000000000000000_PEU a0b0c0d624_000000000000000_PEU a0b0c0d624_000000000000000_PEU a0b0c0d624_000000000000000_PEU a0b0c0d624_000000000000000_PEU a0b0c0d624_000000000000000_PEU a0b0c0d624_000000000000000_PEU a0b0c0d624_000000000000000_PEU a0b0c0d624_000000000000000_PEU a0b0c0d624_000000000000000_PEU a0b0c0d624_000000000000000_PEU a0b0c0d624_000000000000000_PEU a0b0c0d624_000000000000000_PEU a0b0c0d624_000000000000000_PEU a0b0c0d624_000000000000000_PEU a0b0c0d624_000000000000000_PEU a0b0c0d624_000000000000000_PEU a0b0c0d624_000000000000000_PEU a0b0c0d624_000000000000000_PEU a0b0c0d624_000000000000000_PEU a0b0c0d624_000000000000000_PEU a0b0c0d624_000000000000000_PEU a0b0c0d624_000000000000000_PEU a0b0c0d624_000000000000000_PEU a0b0c0d624_000000000000000_PEU a0b0c0d624_000000000000000_PEU a0b0c0d624_000000000000000_PEU a0b0c0d624_000000000000000_PEU a0b0c0d624_000000000000000_PEU a0b0c0d624_000000000000000_PEU a0b0c0d624_000000000000000_PEU a0b0c0d624_000000000000000_PEU a0b0c0d624_000000000000000_PEU a0b0c0d624_000000000000000_PEU a0b0c0d624_000000000000000_PEU a0b0c0d624_000000000000000_PEU a0b0c0d624_000000000000000_PEU a0b0c0d624_000000000000000_PEU a0b0c0d624_000000000000000_PEU a0b0c0d624_000000000000000_PEU a0b0c0d624_000000000000000_PEU a0b0c0d624_000000000000000_PEU a0b0c0d624_000000000000000_PEU a0b0c0d624_000000000000000_PEU a0b0c0d624_000000000000000_PEU a0b0c0d624_000000000000000_PEU a0b0c0d624_000000000000000_PEU a0b0c0d624_000000000000000_PEU a0b0c0d624_000000000000000_PEU a0b0c0d624_000000000000000_PEU a0b0c0d624_000000000000000_PEU a0b0c0d624_000000000000000_PEU a0b0c0d624_000000000000000_PEU a0b0c0d624_000000000000000_PEU a0b0c0d624_000000000000000_PEU a0b0c0d624_000000000000000_PEU 0aBuilding. 0aMCE9379 0aNUST963421 aLedbetter, William Burl.938615 2ddccBK c543246d543246 00102ddc4070aMCEbMCEd2014-03-18l0o624 PEUpMCE-38827r2014-03-18w2014-03-18yBK 00102ddc4070aMCEbMCEd2014-03-18l0o624 PEUpMCE-38828r2014-03-18w2014-03-18yBK 00102ddc4070aMCEbMCEd2014-03-18l2o624 PEUpMCE-38829r2017-07-17s2017-02-07w2014-03-18yBK 00102ddc4070aMCEbMCEd2014-03-18l0o624 PEUpMCE-38830r2014-03-18w2014-03-18yBK 00102ddc4070aMCEbMCEd2014-03-18l0o624 PEUpMCE-38831r2014-03-18w2014-03-18yBK 00102ddc4070aMCEbMCEd2014-03-18l0o624 PEUpMCE-38832r2014-03-18w2014-03-18yBK 00102ddc4070aMCEbMCEd2014-03-18l2o624 PEUpMCE-38833r2017-02-09s2016-11-14w2014-03-18yBK 00102ddc4070aMCEbMCEd2014-03-18l0o624 PEUpMCE-38834r2014-03-18w2014-03-18yBK 00102ddc4070aMCEbMCEd2014-03-18l0o624 PEUpMCE-38835r2014-03-18w2014-03-18yBK 00102ddc4070aMCEbMCEd2014-03-18l0o624 PEUpMCE-38836r2014-03-18w2014-03-18yBK 00102ddc4070aMCEbMCEd2014-03-18l1o624 PEUpMCE-38837r2016-06-07s2016-04-06w2014-03-18yBK 00102ddc4070aMCEbMCEd2014-03-18l0o624 PEUpMCE-38838r2014-03-18w2014-03-18yBK 00102ddc4070aMCEbMCEd2014-03-18l0o624 PEUpMCE-38839r2014-03-18w2014-03-18yBK 00102ddc4070aMCEbMCEd2014-03-18l1o624 PEUpMCE-38840r2016-10-13s2016-03-30w2014-03-18yBK 00102ddc4070aMCEbMCEd2014-03-18l0o624 PEUpMCE-38842r2014-03-18w2014-03-18yBK 00102ddc4070aMCEbMCEd2014-03-18l1o624 PEUpMCE-38843r2016-08-19s2016-03-30w2014-03-18yBK 00102ddc4070aMCEbMCEd2014-03-18l0o624 PEUpMCE-38844r2014-03-18w2014-03-18yBK 00102ddc4070aMCEbMCEd2014-03-18l0o624 PEUpMCE-38845r2014-03-18w2014-03-18yBK 00102ddc4070aMCEbMCEd2014-03-18l0o624 PEUpMCE-38846r2014-03-18w2014-03-18yBK 00102ddc4070aMCEbMCEd2014-03-18l0o624 PEUpMCE-38847r2014-03-18w2014-03-18yBK 00102ddc4070aMCEbMCEd2014-03-18l0o624 PEUpMCE-38848r2014-03-18w2014-03-18yBK 00102ddc4070aMCEbMCEd2014-03-18l0o624 PEUpMCE-38849r2014-03-18w2014-03-18yBK 00102ddc4070aMCEbMCEd2014-03-18l0o624 PEUpMCE-38850r2014-03-18w2014-03-18yBK 00102ddc4070aMCEbMCEd2014-03-18l0o624 PEUpMCE-38851r2014-03-18w2014-03-18yBK 00102ddc4070aMCEbMCEd2014-03-18l0o624 PEUpMCE-38852r2014-03-18w2014-03-18yBK 00102ddc4070aMCEbMCEd2014-03-18l0o624 PEUpMCE-38853r2014-03-18w2014-03-18yBK 00102ddc4070aMCEbMCEd2014-03-18l0o624 PEUpMCE-38854r2014-03-18w2014-03-18yBK 00102ddc4070aMCEbMCEd2014-03-18l0o624 PEUpMCE-38855r2014-03-18w2014-03-18yBK 00102ddc4070aMCEbMCEd2014-03-18l1o624 PEUpMCE-38856r2016-06-03s2016-03-30w2014-03-18yBK 00102ddc4070aMCEbMCEd2014-03-18l0o624 PEUpMCE-38857r2014-03-18w2014-03-18yBK 00102ddc4070aMCEbMCEd2014-03-18l0o624 PEUpMCE-38858r2014-03-18w2014-03-18yBK 00102ddc4070aMCEbMCEd2014-03-18l0o624 PEUpMCE-38859r2014-03-18w2014-03-18yBK 00102ddc4070aMCEbMCEd2014-03-18l0o624 PEUpMCE-38860r2014-03-18w2014-03-18yBK 00102ddc4070aMCEbMCEd2014-03-18l0o624 PEUpMCE-38861r2014-03-18w2014-03-18yBK 00102ddc4070aMCEbMCEd2014-03-18l2o624 PEUpMCE-38862r2017-02-09s2016-11-14w2014-03-18yBK 00102ddc4070aMCEbMCEd2014-03-18l0o624 PEUpMCE-38863r2014-03-18w2014-03-18yBK 00102ddc4070aMCEbMCEd2014-03-18l0o624 PEUpMCE-38864r2014-03-18w2014-03-18yBK 00102ddc4070aMCEbMCEd2014-03-18l2o624 PEUpMCE-38865r2017-02-01s2016-11-14w2014-03-18yBK 00102ddc4070aMCEbMCEd2014-03-18l1o624 PEUpMCE-38866r2016-06-20s2016-03-30w2014-03-18yBK 00102ddc4070aMCEbMCEd2014-03-18l0o624 PEUpMCE-38867r2014-03-18w2014-03-18yBK 00102ddc4070aMCEbMCEd2014-03-18l0o624 PEUpMCE-38868r2014-03-18w2014-03-18yBK 00102ddc4070aMCEbMCEd2014-03-18l0o624 PEUpMCE-27021r2014-03-18w2014-03-18yBK 00102ddc4070aMCEbMCEd2014-03-18l0o624 PEUpMCE-27022r2014-03-18w2014-03-18yBK 00102ddc4070aMCEbMCEd2014-03-18l0o624 PEUpMCE-27023r2014-03-18w2014-03-18yBK 00102ddc4070aMCEbMCEd2014-03-18l0o624 PEUpMCE-27024r2014-03-18w2014-03-18yBK 00102ddc4070aMCEbMCEd2014-03-18l0o624 PEUpMCE-27025r2014-03-18w2014-03-18yBK 00102ddc4070aMCEbMCEd2014-03-18l0o624 PEUpMCE-27026r2014-03-18w2014-03-18yBK 00102ddc4070aMCEbMCEd2014-03-18l0o624 PEUpMCE-27027r2014-03-18w2014-03-18yBK 00102ddc4070aMCEbMCEd2014-03-18l0o624 PEUpMCE-27028r2014-03-18w2014-03-18yBK 00102ddc4070aMCEbMCEd2014-03-18l0o624 PEUpMCE-27029r2014-03-18w2014-03-18yBK 00102ddc4070aMCEbMCEd2014-03-18l0o624 PEUpMCE-27030r2014-03-18w2014-03-18yBK 00102ddc4070aMCEbMCEd2014-03-18l0o624 PEUpMCE-27031r2014-03-18w2014-03-18yBK 00102ddc4070aMCEbMCEd2014-03-18l0o624 PEUpMCE-27032r2014-03-18w2014-03-18yBK 00102ddc4070aMCEbMCEd2014-03-18l0o624 PEUpMCE-27033r2014-03-18w2014-03-18yBK 00102ddc4070aMCEbMCEd2014-03-18l0o624 PEUpMCE-27034r2014-03-18w2014-03-18yBK 00102ddc4070aMCEbMCEd2014-03-18l0o624 PEUpMCE-27035r2014-03-18w2014-03-18yBK 00102ddc4070aMCEbMCEd2014-03-18l0o624 PEUpMCE-27036r2014-03-18w2014-03-18yBK 00102ddc4070aMCEbMCEd2014-03-18l0o624 PEUpMCE-27037r2014-03-18w2014-03-18yBK 00102ddc4070aMCEbMCEd2014-03-18l0o624 PEUpMCE-27038r2014-03-18w2014-03-18yBK 00102ddc4070aMCEbMCEd2014-03-18l0o624 PEUpMCE-27039r2014-03-18w2014-03-18yBK 00102ddc4070aMCEbMCEd2014-03-18l0o624 PEUpMCE-27040r2014-03-18w2014-03-18yBK 00102ddc4070aMCEbMCEd2014-03-18l0o624 PEUpMCE-27041r2014-03-18w2014-03-18yBK 00102ddc4070aMCEbMCEd2014-03-18l0o624 PEUpMCE-27042r2014-03-18w2014-03-18yBK 00102ddc4070aMCEbMCEd2014-03-18l0o624 PEUpMCE-27043r2014-03-18w2014-03-18yBK 00102ddc4070aMCEbMCEd2014-03-18l0o624 PEUpMCE-27044r2014-03-18w2014-03-18yBK 00102ddc4070aMCEbMCEd2014-03-18l0o624 PEUpMCE-27045r2014-03-18w2014-03-18yBK 00102ddc4070aMCEbMCEd2014-03-18l0o624 PEUpMCE-27046r2014-03-18w2014-03-18yBK 00102ddc4070aMCEbMCEd2014-03-18l0o624 PEUpMCE-27047r2014-03-18w2014-03-18yBK 00102ddc4070aMCEbMCEd2014-03-18l0o624 PEUpMCE-27048r2014-03-18w2014-03-18yBK 00102ddc4070aMCEbMCEd2014-03-18l0o624 PEUpMCE-27049r2014-03-18w2014-03-18yBK 00102ddc4070aMCEbMCEd2014-03-18l0o624 PEUpMCE-27050r2014-03-18w2014-03-18yBK 00102ddc4070aMCEbMCEd2014-03-18l0o624 PEUpMCE-27051r2014-03-18w2014-03-18yBK 00102ddc4070aMCEbMCEd2016-03-30l1o624 PEUpMCE-16008r2016-06-01s2016-03-30w2016-03-30yBK 00102ddc4070aMCEbMCEd2016-04-04l1o624 PEUpMCE-14364r2016-06-03s2016-04-04t w2021-03-14yBK 00102ddc4070aMCEbMCEd2016-05-10l1o624 PEUpMCE-27053r2016-05-12s2016-05-10w2016-05-10yBK 00102ddc4070aMCEbMCEd2016-05-10l0o624 PEUpMCE-14367r2016-05-10w2021-03-14yBK